000 00792nam a22002177a 4500
999 _c31981
_d31981
005 20191004154428.0
008 120629t mx||||| |||| 00| 0 spa d
020 _a9688592285
050 0 4 _aBJ55
_bG73 1996
100 1 _aGranfield, David
240 1 0 _aThe inner experience of law: a jurisprudence of subjectivity
_lEspañol
245 1 3 _aLa experiencia interna del derecho
_b: una jurisprudencia de la subjetividad
_c/ David Granfield ; traducción de Armando J. Bravo Gallardo ; colaboración de Víctor M. Pérez Valera y Miguel Romero Pérez.
250 _a1a ed.
260 _aMéxico :
_bUniversidad Iberoamericana :
_bIteso,
_c1996
300 _avii, 305 p. ;
_c23 cm.
504 _aBibliografía : p. 289-299
504 _aIncluye índice
650 7 _2Lemb
_aDerecho
_xÉtica
700 1 _aBravo Gallardo, Armando J.,
_etraductor
700 1 _ePérez Valera, Víctor M.,
_dcolaborador
700 1 _eRomero Pérez, Miguel
_dcolaborador
942 _2lcc
_cLIB